| 000 | 00540cam a2200193 4500 | ||
|---|---|---|---|
| 001 | J109209 | ||
| 008 | 000000n2000 000 0 eng u | ||
| 035 | _a(Sirsi) u109209 | ||
| 050 | _a332.6324 | ||
| 110 |
_aFPDSavills _93625 |
||
| 245 | _aUK residential investment report - Spring & Winter 2000 | ||
| 260 |
_aLondon _bFPD Savills _c2000 |
||
| 300 | _a2pt. ; 30cm. | ||
| 650 | _aRESIDENTIAL INVESTMENT MARKET | ||
| 650 |
_aRESIDENTIAL PROPERTY _96266 |
||
| 650 | _aPRIVATE SECTOR INVESTMENT | ||
| 690 | _aINVESTMENT | ||
| 942 | _n0 | ||
| 999 |
_c100899 _d100899 |
||